A need to testify : portraits of Lauro de Bosis, Ruth Draper, Gaetano Salvemini, Ignazio Silone and an essay on biography /

Bibliographic Details
Main Author: Origo, Iris, 1902-1988
Format: Book
Language:English
Published: San Diego : Harcourt Brace Jovanovich, [1984]
Edition:1st American ed.
Subjects:

MARC

Tag First Indicator Second Indicator Subfields
LEADER 00000pam a2200000 a 4500
001 in00000527521
005 20151013082724.0
008 830707r1984 cauaf b 00110ceng
010 |a  83048453  
020 |a 0151649898 
035 |a (OCoLC)09758804 
035 |9 ACF3070AM 
039 0 |a 2  |b 3  |c 3  |d 3  |e 3 
040 |a DLC  |c DLC  |d TXA  |d UtOrBLW 
043 |a e-it---  |a n-us--- 
049 |a TXAM  |c [490300] 
050 0 0 |a DG574  |b .O74 1984 
082 0 |a 945.091/092/2  |a B  |2 19 
100 1 |a Origo, Iris,  |d 1902-1988. 
245 1 2 |a A need to testify :  |b portraits of Lauro de Bosis, Ruth Draper, Gaetano Salvemini, Ignazio Silone and an essay on biography /  |c Iris Origo. 
250 |a 1st American ed. 
264 1 |a San Diego :  |b Harcourt Brace Jovanovich,  |c [1984] 
264 4 |c ©1984 
300 |a xii, 274 pages, 8 pages of plates :  |b illustrations ;  |c 22 cm. 
336 |a text  |b txt  |2 rdacontent 
337 |a unmediated  |b n  |2 rdamedia 
338 |a volume  |b nc  |2 rdacarrier 
500 |a "A Helen and Kurt Wolff book." 
504 |a Includes bibliographical references and index. 
600 1 0 |a De Bosis, Lauro,  |d 1901-1931. 
600 1 0 |a Draper, Ruth,  |d 1884-1956. 
600 1 0 |a Salvemini, Gaetano,  |d 1873-1957. 
600 1 0 |a Silone, Ignazio,  |d 1900-1978. 
650 0 |a Anti-fascist movements  |z Italy. 
650 0 |a Anti-fascist movements  |z United States. 
650 0 |a Fascism  |z Italy  |x History. 
650 0 |a Biography as a literary form. 
651 0 |a Italy  |x History  |y 1922-1945  |x Biography. 
999 |a MARS 
999 f f |s 69045bbb-daae-3e0d-9bd9-8a243aeda2fa  |i 7cf6eba3-6e99-3d9a-8840-d3289c756c66  |t 0 
952 f f |p ric  |a Texas A&M University  |b Rellis Campus  |c Joint Library Facility  |d Remote Storage  |t 0  |e DG574 .O74 1984  |h Library of Congress classification  |i unmediated -- volume  |m A14807927022 
998 f f |a DG574 .O74 1984  |t 0  |l Remote Storage